[Event "EU-Cup 26th"]
[Site "Plovdiv"]
[Date "2010.10.18"]
[Round "2.3"]
[White "Franco Alonso, Alejandro"]
[Black "Gyimesi, Zoltan"]
[Result "0-1"]
[WhiteElo "2490"]
[BlackElo "2595"]
[PlyCount "134"]
[EventDate "2010.10.17"]
[EventType "team-swiss"]
[EventRounds "7"]
[EventCountry "BUL"]
[SourceTitle "CBM 139"]
[Source "ChessBase"]
[SourceDate "2010.11.18"]
[SourceVersion "1"]
[SourceVersionDate "2010.11.18"]
[SourceQuality "1"]
[WhiteTeam "Taldea Gros Xake"]
[BlackTeam "Bihac"]
[WhiteTeamCountry "ESP"]
[BlackTeamCountry "BIH"]

1. d4 Nf6 2. c4 e6 3. g3 Bb4+ 4. Bd2 Be7 5. Bg2 d5 6. Nf3 c6 7. Qc2 0-0 8. 0-0 b6 9. Bf4 Nbd7 10. Rd1 Bb7 11. Nc3 dxc4 12. Nd2 Nd5 13. Nxc4 Nxf4 14. gxf4 Nf6 15. e3 Nd5 16. Rac1 Rc8 17. a3 c5 18. Nxd5 Bxd5 19. dxc5 Rxc5 20. Qb1 Qa8 21. Bxd5 Rxd5 22. Ne5 Bf6 23. Nd7 Rxd1+ 24. Rxd1 Rc8 25. Rd2 Qf3 26. Nxf6+ gxf6 27. Qd1 Qxd1+ 28. Rxd1 Rc2 29. Rd7 a5 30. b4 axb4 31. axb4 Rc4 32. f5 Rxb4 33. fxe6 fxe6 34. Re7 e5 35. Rb7 h5 36. Kg2 b5 37. h3 h4 38. Kf3 Kf8 39. Kg2 Kg8 40. Kf3 Rb2 41. Kg2 b4 42. Kf3 b3 43. Kg4 Rxf2 44. Rxb3 Kg7 45. Kxh4 Rg2 46. Rb4 Kh6 47. Rg4 Re2 48. Rg3 f5 49. Rf3 Kg6 50. Rg3+ Kf6 51. Kh5 f4 52. exf4 exf4 53. Rg8 Kf5 54. Rf8+ Ke4 55. h4 Kf3 56. Kg5 Re5+ 57. Rf5 Rxf5+ 58. Kxf5 Kg3 59. h5 f3 60. h6 f2 61. Kg6 f1Q 62. Kg7 Qa1+ 63. Kg8 Qa8+ 64. Kg7 Qb7+ 65. Kg8 Kg4 66. h7 Kg5 67. h8Q Kg6 0-1

[Event "Arctic Chess Challenge"]
[Site "Tromsoe"]
[Date "2010.08.08"]
[Round "9"]
[White "Gyimesi, Zoltan"]
[Black "Hansen, Torbjorn Ringdal"]
[Result "1/2-1/2"]
[WhiteElo "2598"]
[BlackElo "2419"]
[PlyCount "64"]
[EventDate "2010.07.31"]
[EventType "swiss"]
[EventRounds "9"]
[EventCountry "NOR"]
[SourceTitle "CBM 137 Extra"]
[Source "ChessBase"]
[SourceDate "2010.09.01"]
[SourceVersion "1"]
[SourceVersionDate "2010.09.01"]
[SourceQuality "1"]

1. d4 Nf6 2. c4 g6 3. Nc3 Bg7 4. e4 d6 5. Nf3 0-0 6. Be2 e5 7. 0-0 Nc6 8. d5 Ne7 9. Ne1 Nd7 10. Nd3 f5 11. Bd2 fxe4 12. Nxe4 Nf5 13. Bc3 a5 14. b3 b6 15. Bf3 Nc5 16. g3 Bd7 17. Bg2 Nxe4 18. Bxe4 Qg5 19. Qe2 Rae8 20. Rae1 Nd4 21. Bxd4 exd4 22. h4 Qf6 23. Nf4 Kh8 24. Kg2 Bh6 25. Nh3 Re7 26. Qd3 Rfe8 27. f3 Be3 28. Nf2 Bf5 29. Re2 Qg7 30. Rfe1 Qf6 31. Rf1 Qg7 32. Rfe1 Qf6 1/2-1/2

[Event "Arctic Chess Challenge"]
[Site "Tromsoe"]
[Date "2010.08.04"]
[Round "5"]
[White "Lindberg, Bengt"]
[Black "Gyimesi, Zoltan"]
[Result "1/2-1/2"]
[WhiteElo "2413"]
[BlackElo "2598"]
[PlyCount "115"]
[EventDate "2010.07.31"]
[EventType "swiss"]
[EventRounds "9"]
[EventCountry "NOR"]
[SourceTitle "CBM 137 Extra"]
[Source "ChessBase"]
[SourceDate "2010.09.01"]
[SourceVersion "1"]
[SourceVersionDate "2010.09.01"]
[SourceQuality "1"]

1. e4 e5 2. Nf3 Nc6 3. Bb5 Nf6 4. 0-0 Nxe4 5. Re1 Nd6 6. Nxe5 Be7 7. Bf1 Nxe5 8. Rxe5 0-0 9. d4 Ne8 10. c4 Bf6 11. Re1 d5 12. cxd5 Qxd5 13. Be3 Be6 14. Nc3 Qd7 15. Ne4 Bd5 16. f3 Rd8 17. Nxf6+ Nxf6 18. Qc2 Be6 19. b3 h6 20. Rac1 Nd5 21. Bf2 Rfe8 22. Qd2 c6 23. Bc4 Nc7 24. Bf1 a6 25. Rcd1 Qe7 26. Re5 Qf6 27. Qe1 Qe7 28. Bh4 f6 29. Re4 Qd7 30. Qb4 Nd5 31. Qc5 Bf7 32. Rde1 Rxe4 33. Rxe4 Kh7 34. Re1 Bg6 35. Bc4 b6 36. Qa3 a5 37. Bxd5 Qxd5 38. Bf2 Rd7 39. h3 Bf7 40. Qb2 Qf5 41. Qc3 Bd5 42. Kh2 Ra7 43. a3 Qg6 44. Bg3 Qf7 45. b4 Qg6 46. bxa5 Rxa5 47. Bd6 Qf5 48. Bb4 Ra8 49. Re7 Rd8 50. Qe1 Rd7 51. Rxd7 Qxd7 52. Qb1+ Kg8 53. Be1 Qd6+ 54. Bg3 Qxa3 55. Qxb6 Qa2 56. Qb8+ Kh7 57. Qf4 Qc2 58. h4 1/2-1/2

[Event "BIH-chT 9th"]
[Site "Bihac"]
[Date "2010.06.11"]
[Round "7"]
[White "Jakovljevic, Vlado"]
[Black "Gyimesi, Zoltan"]
[Result "0-1"]
[WhiteElo "2395"]
[BlackElo "2600"]
[PlyCount "72"]
[EventDate "2010.06.05"]
[EventType "team-tourn"]
[EventRounds "9"]
[EventCountry "BIH"]
[SourceTitle "EXT 2019"]
[Source "ChessBase"]
[SourceDate "2018.10.10"]
[SourceVersion "1"]
[SourceVersionDate "2018.10.10"]
[SourceQuality "1"]
[WhiteTeam "Sarajevo SK Slavija Istocno"]
[BlackTeam "Bihac"]
[WhiteTeamCountry "BIH"]
[BlackTeamCountry "BIH"]

1. Nf3 d5 2. d4 Nf6 3. c4 e6 4. Nc3 dxc4 5. e3 a6 6. a4 b6 7. Bxc4 Bb7 8. 0-0 Bb4 9. Qe2 0-0 10. Rd1 Nbd7 11. Bd3 c5 12. dxc5 Bxc5 13. Ng5 h6 14. Nge4 Bb4 15. Nxf6+ Qxf6 16. Be4 Nc5 17. Bxb7 Nxb7 18. Bd2 Qe7 19. Be1 Rfc8 20. Rd4 a5 21. Nb5 Bxe1 22. Rxe1 Rd8 23. Red1 Rxd4 24. Rxd4 Rd8 25. Qd2 Rxd4 26. Qxd4 Qb4 27. h3 Nc5 28. Qd8+ Kh7 29. Kh2 Qxb2 30. Qxb6 Ne4 31. Qxa5 Qxf2 32. Qc7 Nd2 33. Qf4 Nf1+ 34. Kh1 Qe1 35. Qxf7 Ng3+ 36. Kh2 Ne2 0-1

[Event "BIH-chT 9th"]
[Site "Bihac"]
[Date "2010.06.09"]
[Round "5"]
[White "Bogut, Zeljko"]
[Black "Gyimesi, Zoltan"]
[Result "0-1"]
[WhiteElo "2468"]
[BlackElo "2600"]
[PlyCount "88"]
[EventDate "2010.06.05"]
[EventType "team-tourn"]
[EventRounds "9"]
[EventCountry "BIH"]
[SourceTitle "EXT 2019"]
[Source "ChessBase"]
[SourceDate "2018.10.10"]
[SourceVersion "1"]
[SourceVersionDate "2018.10.10"]
[SourceQuality "1"]
[WhiteTeam "Siroki Brijeg"]
[BlackTeam "Bihac"]
[WhiteTeamCountry "BIH"]
[BlackTeamCountry "BIH"]

1. Nf3 d5 2. c4 e6 3. cxd5 exd5 4. d4 c6 5. Nc3 Bf5 6. Bg5 Be7 7. Bxe7 Qxe7 8. e3 Nf6 9. Bd3 Bxd3 10. Qxd3 0-0 11. 0-0 a5 12. Ne5 Nbd7 13. Nxd7 Nxd7 14. a3 a4 15. Qc2 Nb6 16. Rab1 Ra7 17. e4 dxe4 18. Nxe4 Nd5 19. Nc5 b5 20. Rfe1 Qf6 21. Re5 Re7 22. Rbe1 Rfe8 23. Qe4 Qd6 24. Nd3 f6 25. Rxe7 Rxe7 26. Qg4 Rxe1+ 27. Nxe1 Ne7 28. Nd3 Qd5 29. h4 Kf7 30. Nb4 Qf5 31. Qe2 g6 32. d5 cxd5 33. Qxb5 Qb1+ 34. Kh2 Qxb2 35. f4 Qxa3 36. Nxd5 Qb3 37. Nb4 h5 38. f5 Nxf5 39. Qd7+ Kf8 40. Nd3 Qb8+ 41. Kg1 a3 42. Nc5 a2 43. Ne6+ Kg8 44. Qa4 Qb6+ 0-1

[Event "BIH-chT 9th"]
[Site "Bihac"]
[Date "2010.06.08"]
[Round "4"]
[White "Gyimesi, Zoltan"]
[Black "Tomic, Bosko"]
[Result "1/2-1/2"]
[WhiteElo "2600"]
[BlackElo "2423"]
[PlyCount "107"]
[EventDate "2010.06.05"]
[EventType "team-tourn"]
[EventRounds "9"]
[EventCountry "BIH"]
[SourceTitle "EXT 2019"]
[Source "ChessBase"]
[SourceDate "2018.10.10"]
[SourceVersion "1"]
[SourceVersionDate "2018.10.10"]
[SourceQuality "1"]
[WhiteTeam "Bihac"]
[BlackTeam "Zenica Celik"]
[WhiteTeamCountry "BIH"]
[BlackTeamCountry "BIH"]

1. d4 Nf6 2. c4 g6 3. g3 Bg7 4. Bg2 0-0 5. Nf3 d6 6. Nc3 Nc6 7. 0-0 Bg4 8. d5 Na5 9. Nd2 c5 10. Qc2 e5 11. b3 a6 12. Bb2 b5 13. h3 Bd7 14. e4 bxc4 15. bxc4 Rb8 16. Ne2 Ba4 17. Qc1 Bh6 18. f4 Nd7 19. Bc3 Rb4 20. Kh2 Rxc4 21. Nxc4 Nxc4 22. Be1 Ncb6 23. Rf2 Bb5 24. Bd2 Nc4 25. Nc3 Nxd2 26. Qxd2 exf4 27. gxf4 Qh4 28. Nxb5 axb5 29. Raf1 f5 30. Qe2 fxe4 31. Qxe4 Nf6 32. Qe6+ Kg7 33. Kg1 Nh5 34. Qxd6 Bxf4 35. Qd7+ Rf7 36. Qg4 Qf6 37. Rf3 Qd4+ 38. Kh1 c4 39. R1f2 c3 40. Bf1 Qxd5 41. Bd3 b4 42. Kg1 Qd4 43. Kg2 Rf6 44. Re2 Qd6 45. Bc2 Be5 46. Rxf6 Qxf6 47. Re4 Nf4+ 48. Kg1 h5 49. Qf3 Qd6 50. Kf1 Qa6+ 51. Ke1 Qd6 52. Kf1 Qa6+ 53. Ke1 Qd6 54. Kf1 1/2-1/2